000 00388nam a2200133 a 4500
005 20140414131912.0
008 100701s19uu xx 00 eng d
050 _aM 235.3
_bSi6 1993
100 _aSinetar, Marsha
245 _aWhy can't grown ups believe in angels?.
260 _aLigouri, Missouri :
_bTriumph books,
_c1993.
650 _aAngels
_xJuvenile literatrure.
999 _c111245
_d111245